| 000 | 01229njm a22002657a 4500 | ||
|---|---|---|---|
| 005 | 20100910100728.0 | ||
| 007 | sd ammalaaahaa | ||
| 008 | 100910t xxu||||| |||| 00| 0 hin d | ||
| 028 |
_aN.74638 _bHis Master's Voice |
||
| 035 | _aGR-01733 | ||
| 040 | _aSED/VEN | ||
| 100 |
_aMohd. Rafi _91184 |
||
| 245 |
_aAadmi : _bhindustani / _cby Mohd. Rafi [and] Talat Mohmood ; music by Naushad ; lyric by Shakeel Badayuni _h[sound recording] : |
||
| 246 | _aआदमी (मोहमद रफ़ी और तलत मोहमूद ) | ||
| 260 |
_aDum Dum, India _bHis Master's Voice _c1967 |
||
| 300 |
_a1 sound disc [Gramophone record] : _banalog, 33. 1/3 rpm _c10 in. _fGramophone record |
||
| 500 | _aBrief record. | ||
| 505 |
_aMain tuti hui ek naiya hoon (Mohd. Rafi) मैं टूटी हुई एक नैया हूँ भाग १ , Kaisi hasin raat (Mohd. Rafi [and] Talat Mohmood) कैसी हसींन रात भाग २ _r |
||
| 650 |
_aClassical Music _xExcerpts _zIndia _919315 |
||
| 700 |
_aTalat Mohmood _919316 |
||
| 700 |
_aNaushad _919333 |
||
| 700 |
_aShakeel Badayuni _919357 |
||
| 942 |
_2ddc _cGR |
||
| 999 |
_c44998 _d44998 |
||